000
00349nam a2200157Ia 4500
008
230605s2003 xx 000 0 und d
041
_a
eng
100
_a
Kermally
245
_a
The Management Tookit
260
_b
Viva books Mumbai
_c
2003
_c
2003
300
_a
210
365
_b
156
_h
20
500
_a
308
520
_a
General
650
_a
M.M.
999
_c
417876
_d
417876